Délmagyarország. - 1934. augusztus 26., Vasárnap
Elmentve itt :
| Dokumentumtípus: | Újság |
|---|---|
| Megjelent: |
1934-08-26
|
| Sorozat: | Délmagyarország
10 No. 192 |
| Online Access: | http://dmarchiv.bibl.u-szeged.hu/7448 |
| LEADER | 00491nas a2200145 i 4500 | ||
|---|---|---|---|
| 001 | delm7448 | ||
| 005 | 20200414153301.0 | ||
| 008 | 171214s1934 hu n o 0|| hun d | ||
| 022 | |a 0133-025X | ||
| 040 | |a SZTE Délmagyarország Archívum |b hun | ||
| 041 | |a hun | ||
| 245 | 0 | 0 | |a Délmagyarország. - 1934. augusztus 26., Vasárnap |h [elektronikus dokumentum] |
| 260 | |c 1934-08-26 | ||
| 490 | 0 | |a Délmagyarország |v 10 No. 192 | |
| 856 | 4 | 0 | |u http://dmarchiv.bibl.u-szeged.hu/7448/1/dm_1934_192.pdf |z Dokumentum-elérés |